El Arcipreste de Hita : (Record no. 123022)

MARC details
000 -LEADER
campo de control de longitud fija 01226nam a2200265 i 4500
001 - NÚMERO DE CONTROL
campo de control 123022
003 - IDENTIFICADOR DE NÚMERO DE CONTROL
campo de control ES-MaACL
005 - FECHA Y HORA DE LA ÚLTIMA TRANSACCIÓN
campo de control 20251217152101.0
007 - CAMPO FIJO DE DESCRIPCIÓN FÍSICA--INFORMACIÓN GENERAL
campo de control de longitud fija t|
008 - DATOS DE LONGITUD FIJA--INFORMACIÓN GENERAL
campo de control de longitud fija 070214s1906 sp |||| | spa d
080 ## - NÚMERO DE LA CLASIFICACIÓN DECIMAL UNIVERSAL
Número de la Clasificación Decimal Universal 821.134.2 Ruiz, Juan, Arcipreste de Hita 1.07
100 1# - ENTRADA PRINCIPAL--NOMBRE DE PERSONA
Nombre de persona Puyol y Alonso, Julio,
Fechas asociadas al nombre 1865-1937
9 (RLIN) 94454
245 13 - MENCIÓN DEL TÍTULO
Título El Arcipreste de Hita :
Resto del título estudio crítico /
Mención de responsabilidad, etc. por Julio Puyol y Alonso.
260 ## - PUBLICACIÓN, DISTRIBUCIÓN, ETC.
Lugar de publicación, distribución, etc. Madrid :
Nombre del editor, distribuidor, etc. [s.n.],
Fecha de publicación, distribución, etc. 1906 (
Fabricante Sucesora de M. Minuesa de los Ríos)
300 ## - DESCRIPCIÓN FÍSICA
Extensión 364 p ;
Dimensiones 20 cm.
505 8# - NOTA DE CONTENIDO CON FORMATO
Nota de contenido con formato Contiene: Breve resumen del estado de las letras castellanas en tiempo del Arcipreste de Hita . Juan Ruiz, Arcipreste de Hita . El Libro de buen amor
530 ## - NOTA DISPONIBLE DE FORMULARIO FÍSICO ADICIONAL
Nota de formato físico adicional disponible Disponible en formato digital.
600 14 - PUNTO DE ACCESO ADICIONAL DE MATERIA--NOMBRE DE PERSONA
Nombre de persona Ruiz, Juan
Títulos y otros términos asociados al nombre Arcipreste de Hita-
Subdivisión general Crítica e interpretación.
9 (RLIN) 143836
600 14 - PUNTO DE ACCESO ADICIONAL DE MATERIA--NOMBRE DE PERSONA
Nombre de persona Ruiz, Juan
Títulos y otros términos asociados al nombre , Arcipreste de Hita.
Título de la obra El libro de buen amor.
9 (RLIN) 100616
852 ## - LOCALIZACIÓN
Ubicación ES-MaACL
Número de control de estantería B-2595
Ubicación en estantería Sala Pardo Bazán
856 4# - LOCALIZACIÓN Y ACCESO ELECTRÓNICOS
Identificador Uniforme de Recursos <a href="http://bdh-rd.bne.es/viewer.vm?id=0000231379&page=1 ">http://bdh-rd.bne.es/viewer.vm?id=0000231379&page=1 </a>
Texto de enlace (Biblioteca Digital Hispánica)
856 4# - LOCALIZACIÓN Y ACCESO ELECTRÓNICOS
Identificador Uniforme de Recursos <a href="https://bibliotecadigital.jcyl.es/es/consulta/registro.do?id=18886">https://bibliotecadigital.jcyl.es/es/consulta/registro.do?id=18886</a>
Texto de enlace (Biblioteca Digital de Castilla y León)
942 ## - ELEMENTOS DE ENTRADA SECUNDARIOS (KOHA)
Fuente del sistema de clasificación o colocación Clasificación decimal universal
Holdings
Estatus retirado Estado de pérdida Estado de daño No para préstamo Colección Biblioteca de origen Biblioteca actual Ubicación en estantería Fecha de adquisición Fuente de adquisición Total de préstamos Signatura topográfica completa Código de barras Visto por última vez Precio de reemplazo Tipo de ítem Koha
        Colección digital Biblioteca del Ateneo de Madrid Biblioteca del Ateneo de Madrid Sala Pardo Bazán 17/01/2008     B-2595 1128193 23/02/2023 23/02/2023 Libro impreso